Ποτέ χωρίς την κόρη μου

Saved in:
Bibliographic Details
Main Authors: Mahmoody, Betty, Hoffer, William (Author)
Other Authors: Κοντολέων, Κώστια, 1945- (trlf)
Format: Book
Language:Greek
English
Published: Αθήνα : Ψυχογιός, c1993.
Subjects:
Tags: Add Tag
No Tags, Be the first to tag this record!

MARC

LEADER 00000cam a2200000 i 4500
001 1/37210
008 950821s1993 gr | ||| |||| ||gre||
020 |a 9602740175 
020 |a 9789602740170 
035 |l 10024635 
040 |a GR-MyUa  |b gre  |c GR-MyUa  |e AACR2 
041 1 |a gre  |h eng 
082 7 |a 813   |2 (22) 
082 7 |a 920   |2 (23) 
100 1 |a Mahmoody, Betty. 
245 1 0 |a Ποτέ χωρίς την κόρη μου /   |c Μπέτι Μαχμουντί, Ουίλιαμ Χόφερ ; μετάφραση: Κώστια Κοντολέων. 
260 |a Αθήνα :   |b Ψυχογιός,   |c c1993.  
300 |a 464 σ. ;   |c 21 εκ.  
500 |a Το Παράρτημα της Χίου διαθέτει την 3η έκδοση [ανατύπωση], 1997. 
500 |a Το Παράρτημα της Σάμου διαθέτει την 7η έκδοση [ανατύπωση], 1999. 
500 |a Το Παράρτημα Σύρου διαθέτει την 21η έκδοση [ανατύπωση], 2008. 
500 |a Το Παράρτημα Μυτιλήνης διαθέτει την 24η έκδοση [ανατύπωση], 2010.  
500 |a Τίτλος πρωτοτύπου: Not with out my daughter.  
600 1 0 |a Mahmoody Betty. 
650 0 |a Women  |z United States  |x Biography. 
650 0 |a Women  |z Iran  |x Biography. 
650 0 |a Wife abuse  |z Iran. 
651 0 |a Iran  |x Social life and customs. 
700 1 |a Hoffer, William,  |e aut 
700 1 |a Κοντολέων, Κώστια,   |d 1945-  |e trlf 
852 |a INST  |b CHIOS  |e 19950821  |h 813 MAH  |p 005200001392  |q 005200001392  |t BK  |y 0 
852 |a INST  |b LESVOS  |e 20230606  |h 813 MAH  |p 005100064476  |q 005100064476  |t BK  |y 0 
852 |a INST  |b SAMOS  |e 20060227  |h 813 MAH  |p 005300024589  |q 005300045855  |t BK  |y 0 
852 |a INST  |b SYROS  |e 20200518  |h 920 ΜΑΗ  |p 005500014937  |q 005500014937  |t BK  |y 0 
901 |a BIBL3-2006-1 
922 |a 3ΕΛΗ  |b 200601  |c ΜΕΤΑΠΤΥΧΙΑΚΟ/ΜΑΘΗΜΑΤΙΚΟ  |d Μιχαλόπουλος 
970 |a Κοσιέρης  |b Χρήστος  |z 27/02/2006